000 00261nam a2200097Ia 4500
082 _aT 305.5680973 MARC
245 0 _aExtremist groups
100 _a MARCOVITZ, Hal Edina, MN, [c.2009]
_976427
942 _cBK
008 210817s9999 xx 000 0 und d
999 _c254262
_d254261